Coastal marine zooplankton: a practical manual for students

Saved in:
Bibliografiske detaljer
Main Authors: Todd, C. D (Author), Laverack, Michael Stuart (Author)
Format: Bog
Sprog:engelsk
Udgivet: Cambridge Cambridge University Press 1991
Fag:
Tags: Tilføj Tag
Ingen Tags, Vær først til at tagge denne postø!

MARC

LEADER 00000nam a2200000 a 4500
001 UCV5318
003 CL-VaPUC
008 930304e19910000US |||||||||||||||||eng|d
082 0 4 |a 592.092  |b TOD  |2 21 
100 0 |a Todd, C. D  |e author  |9 299642 
700 0 |a Laverack, Michael Stuart  |e author  |9 299643 
245 1 0 |a Coastal marine zooplankton: a practical manual for students 
300 |a 106 p 
942 |c BK 
945 |d 19930304 00:00:00 
260 |a Cambridge  |b Cambridge University Press  |c 1991 
650 0 |a Zooplancton marino  |9 261457 
583 |a last modification  |c 20120511 11:02:44  |k Rodrigo Vera 
999 |c 211875  |d 211873 
952 |0 0  |1 0  |2 ddc  |4 0  |6 592_092000000000000_TOD_1991  |7 0  |8 CCM  |9 191891  |a BIBCUR  |b BIBCUR  |c PAC  |d 2019-11-14  |i 259420K  |o 592.092 TOD 1991  |p 259420K  |r 2025-04-22  |w 2019-11-14  |y BK  |k CIM